Fill in the 2024 NCAA Tournament Bracket - Statistics

General Stats
  • This quiz has been taken 805 times
  • The average score is 43 of 68
Answers on the Map
Answers color-coded by a green-red scale on the quiz's map according to % correct below.
 
Answer Stats
Team % Correct
Connecticut
96%
Duke
93%
North Carolina
93%
Purdue
91%
Alabama
90%
Texas
89%
Houston
86%
Kansas
86%
NC State
85%
Kentucky
84%
Michigan State
84%
Florida
83%
Tennessee
83%
Arizona
82%
Illinois
80%
Auburn
79%
Gonzaga
78%
Clemson
77%
Iowa State
77%
Texas Tech
75%
Oregon
74%
Texas A&M
74%
Colorado
72%
Baylor
71%
Saint Mary's
71%
San Diego State
71%
Virginia
71%
Wisconsin
71%
Marquette
70%
Yale
69%
BYU
68%
Creighton
66%
FAU
65%
Oakland
65%
Mississippi State
63%
Colorado State
62%
New Mexico
62%
Nebraska
61%
Utah State
61%
Northwestern
59%
South Carolina
59%
TCU
59%
Washington State
58%
Nevada
55%
Dayton
52%
Drake
52%
McNeese
52%
South Dakota State
52%
Grand Canyon
51%
James Madison
51%
Boise State
49%
Saint Peter's
49%
Duquesne
48%
Vermont
47%
Akron
45%
Samford
43%
Stetson
42%
UAB
42%
Colgate
39%
Grambling
39%
Charleston
38%
Montana State
38%
Morehead State
38%
Wagner
37%
Western Kentucky
37%
Howard
35%
LBSU
35%
Longwood
35%
No matching quizzes found
Score Distribution
Percent of People with Each Score
Percentile by Number Answered
Your Score History
You have not taken this quiz